The order of assassins / (Record no. 20366)

MARC details
000 -LEADER
fixed length control field 00885pam a2200277 i 4500
001 - CONTROL NUMBER
control field 4157214
003 - CONTROL NUMBER IDENTIFIER
control field BDDh-ASL
005 - DATE AND TIME OF LATEST TRANSACTION
control field 20231015025859.0
008 - FIXED-LENGTH DATA ELEMENTS--GENERAL INFORMATION
fixed length control field 800702r1955 nyuaf b 001 0 eng
010 ## - LIBRARY OF CONGRESS CONTROL NUMBER
LC control number 78063343
020 ## - INTERNATIONAL STANDARD BOOK NUMBER
International Standard Book Number 0404170188
040 ## - CATALOGING SOURCE
Original cataloging agency DLC
Transcribing agency DLC
Modifying agency DLC
-- BDDh-ASL
050 10 - LIBRARY OF CONGRESS CALL NUMBER
Classification number BP195.A8
Item number H6 1980
082 00 - DEWEY DECIMAL CLASSIFICATION NUMBER
Classification number 297.822
Edition number 19
Item number HOO
100 1# - MAIN ENTRY--PERSONAL NAME
Personal name Hodgson, Marshall G. S.
245 14 - TITLE STATEMENT
Title The order of assassins /
260 ## - PUBLICATION, DISTRIBUTION, ETC.
Place of publication, distribution, etc. New York :
Name of publisher, distributor, etc. AMS Press,
Date of publication, distribution, etc. [1955]
300 ## - PHYSICAL DESCRIPTION
Extent xi, 352 p., [4] leaves of plates :
Other physical details ill. ;
Dimensions 23 cm.
500 ## - GENERAL NOTE
General note Reprint of the 1955 ed. published by Mouton, 's-Gravenhage.
500 ## - GENERAL NOTE
General note Based in part on the author's thesis, University of Chicago.
500 ## - GENERAL NOTE
General note Includes index.
504 ## - BIBLIOGRAPHY, ETC. NOTE
Bibliography, etc. note Bibliography: p. [329]-334.
650 #0 - SUBJECT ADDED ENTRY--TOPICAL TERM
Topical term or geographic name entry element Assassins (Ismailites)
906 ## - LOCAL DATA ELEMENT F, LDF (RLIN)
a 7
b cbc
c orignew
d 1
e opcn
f 19
g y-gencatlg
942 ## - ADDED ENTRY ELEMENTS (KOHA)
Source of classification or shelving scheme Dewey Decimal Classification
Koha item type Books
Holdings
Withdrawn status Lost status Source of classification or shelving scheme Damaged status Not for loan Collection code Home library Current library Shelving location Date acquired Source of acquisition Total Checkouts Full call number Barcode Date last seen Copy number Price effective from Koha item type Public note
    Dewey Decimal Classification   Not For Loan Non-fiction Asiatic Society Library Asiatic Society Library General Stacks 12/30/2020 ASB Collection   297.822 HOO 103799 12/30/2020 C-1 12/30/2020 Books RARE
    Dewey Decimal Classification   Not For Loan Non-fiction Asiatic Society Library Asiatic Society Library General Stacks 12/30/2020 ASB Collection   297.822 HOO 103800 12/30/2020 C-2 12/30/2020 Books RARE

Powered by Koha